| 000 -LEADER |
| fixed length control field |
01304nam a22002657a 4500 |
| 003 - CONTROL NUMBER IDENTIFIER |
| control field |
AR-BaISA |
| 005 - DATE AND TIME OF LATEST TRANSACTION |
| control field |
20220512184237.0 |
| 007 - PHYSICAL DESCRIPTION FIXED FIELD--GENERAL INFORMATION |
| fixed length control field |
ta |
| 008 - FIXED-LENGTH DATA ELEMENTS--GENERAL INFORMATION |
| fixed length control field |
170726s2006 ag ||||| |||| 00| 0 spa d |
| 020 ## - INTERNATIONAL STANDARD BOOK NUMBER |
| International Standard Book Number |
9505188048 |
| 020 ## - INTERNATIONAL STANDARD BOOK NUMBER |
| International Standard Book Number |
9789505188048 |
| 040 ## - CATALOGING SOURCE |
| Transcribing agency |
AR-BaISA |
| 082 04 - DEWEY DECIMAL CLASSIFICATION NUMBER |
| Edition number |
22 |
| Classification number |
371.1 W285 |
| 100 10 - MAIN ENTRY--PERSONAL NAME |
| 9 (RLIN) |
292 |
| Personal name |
Wassermann, Selma |
| 245 13 - TITLE STATEMENT |
| Title |
El estudio de casos como método de enseñanza / |
| Statement of responsibility, etc. |
Selma Wassermann |
| 260 ## - PUBLICATION, DISTRIBUTION, ETC. |
| Place of publication, distribution, etc. |
Buenos Aires: |
| Name of publisher, distributor, etc. |
Amorrortu, |
| Date of publication, distribution, etc. |
1994 / |
| -- |
2006 |
| 300 ## - PHYSICAL DESCRIPTION |
| Extent |
313 p. |
| 490 1# - SERIES STATEMENT |
| Serie |
Educación. Agenda educativa |
| 504 ## - BIBLIOGRAPHY, ETC. NOTE |
| Bibliography, etc. note |
Bibliografía p: 308-313 |
| 505 ## - FORMATTED CONTENTS NOTE |
| Title |
La enseñanza basada en el método de casos: una pedagogía de aplicación general -- |
| -- |
¿Yo, un maestro de casos? -- |
| -- |
Los casos como instrumentos educativos -- |
| -- |
Cómo escribir un caso -- |
| -- |
Cómo preparar a los alumnos para el aprendizaje con casos -- |
| -- |
Cómo prepararse para enseñar con casos -- |
| -- |
Cómo enseñar un caso -- |
| -- |
Más allá de los casos: ampliación de la perspectiva mediante actividades de seguimiento -- |
| -- |
Evaluación de la enseñanza con casos: la fijación de estándares -- |
| -- |
Evaluación en la enseñanza con casos: materiales y estrategias |
| 650 14 - SUBJECT ADDED ENTRY--TOPICAL TERM |
| 9 (RLIN) |
287 |
| Topical term or geographic name entry element |
Educación |
| General subdivision |
Estudio de casos |
| 650 14 - SUBJECT ADDED ENTRY--TOPICAL TERM |
| 9 (RLIN) |
294 |
| Topical term or geographic name entry element |
Enseñanza |
| 830 ## - SERIES ADDED ENTRY--UNIFORM TITLE |
| 9 (RLIN) |
2187 |
| Uniform title |
Educación (Amorrortu) |
| 942 ## - ADDED ENTRY ELEMENTS (KOHA) |
| Source of classification or shelving scheme |
|
| Koha item type |
Libros |